000 00645nam a2200205Ii 4500
003 JO-AjNU
008 230605s9999||||xx |||||||||||||| ||und||
017 _a1983/9/461
040 _aJO-AjNU
_bara
_erda
_cJO-AjNU
041 _aara
050 1 4 _aG123 1983
100 3 _aالطيطي، صالح حسين,
_eauthor
_918960
245 0 0 _aأسس الجغرافيا العامة
264 3 1 _aعمان: مؤسسة الخدمات العربية، 1983
300 _a216ص
336 _atext
_btxt
_2rdacontent
337 _aunmediated
_bn
_2rdamedia
338 _avolume
_bnc
_2rdacarrier
650 4 _aالجغرافيا العامة-اسس
_918961
999 _aA6161
_c9729
_d9729